Pays avec le plus de touristes par habitants - Statistiques

Statistiques générales
  • Ce quiz a été pris 63 fois
  • Le résultat moyen est 12 sur 21
Statistiques - réponses
Ratio Continent Country % Correct
> 5,000 Europe Vatican
93%
50.6 Europe Andorre
90%
9.51 Europe Luxembourg
84%
3.26 Europe Saint-Marin
81%
9.31 Europe Monaco
78%
2.91 Europe Liechtenstein
76%
5.61 Europe Malte
67%
4.04 Europe Croatie
62%
2.87 Asie Chypre
59%
3.16 Europe Grèce
59%
3.65 Asie Singapour
59%
8.13 Europe Islande
57%
4.53 Amérique du Nord Bahamas
48%
3.38 Europe Autriche
47%
3.43 Europe Albanie
43%
3.90 Europe Monténégro
36%
2.76 Afrique Seychelles
36%
3.58 Asie Maldives
34%
3.58 Asie Bahrein
28%
2.79 Amérique du Nord Grenade
21%
3.03 Amérique du Nord Antigua-et-Barbuda
16%
Aucun quiz correspondant
Distribution des résultats
% des personnes avec chaque résultat
Percentile par nombre de réponses
Votre historique - résultats
Vous n’avez pas pris ce quiz